Statistics for "Africa" in the Answer

Click here to take the quiz!

General Stats

  • This quiz has been taken 945 times
  • The average score is 7 of 18

Answer Stats

HintAnswer% Correct
Nelson Mandela's countrySouth Africa
99%
12.7% of the U.S.'s populationAfrican-American
67%
Toto lyrics: I bless the rains...Down in Africa
67%
Region of Somalia and EthiopiaHorn of Africa
67%
Bangui is its capitalCentral African
Republic
66%
Where Rommel fought in WWIINorth Africa
53%
Streep–Redford Best PictureOut of Africa
51%
Largest political party of
the above
African National
Congress
37%
1951 Katharine Hepburn movieThe African Queen
30%
Africa's main men's international
football competition
Africa Cup
of Nations
26%
Addis Ababa is where it's basedAfrican Union
24%
Bovine aka CapeAfrican Buffalo
22%
Very intelligent bird speciesAfrican Grey Parrot
22%
Area south of SahelSub-Saharan Africa
22%
Shakira's "Waka Waka" lyrics
"Tsamina mina zangalewa..."
This Time for Africa
22%
Bush and forest are its two typesAfrican Elephant
18%
Era when the European nations
colonized Africa
Scramble for Africa
18%
Nickname of NigeriaGiant of Africa
4%

Score Distribution

Percentile by Number Answered

Percent of People with Each Score

Your Score History

You have not taken this quiz